| 000 | 00364nam a2200133Ia 4500 | ||
|---|---|---|---|
| 008 | 210210b1978 xxu||||| |||| 00| 0 eng d | ||
| 082 | _a370.1 BRUM | ||
| 100 | _aBRUBACHER (John S). | ||
| 245 | _aModern philosophies of education. | ||
| 260 |
_aNew Delhi. _bTata McGraw-Hill Publishing Company Ltd. _c1978 |
||
| 300 | _a393 | ||
| 690 | _aEducation | ||
| 906 | _a034696 | ||
| 999 |
_c85442 _d85442 |
||